书目信息 |
| 题名: |
中小学生作文描写实用词典
|
|
| 作者: | 孙海浪 编 | |
| 分册: | ||
| 出版信息: | 北京 作家出版社 1986 |
|
| 页数: | 314页 | |
| 开本: | 19cm | |
| 丛书名: | ||
| 单 册: | ||
| 中图分类: | H194.5 | |
| 科图分类: | ||
| 主题词: | 汉语--语言读物,中学生--现代 | |
| 电子资源: | ||
| ISBN: | ||
| 000 | 00619nam0 2200217 45 | |
| 001 | 0186016443 | |
| 005 | 20061102082458.96 | |
| 010 | @dCNY2.20 | |
| 091 | @a10248.0120 | |
| 100 | @a19900802d1986 am y0chiy0121 ea | |
| 101 | 0 | @achi |
| 102 | @aCN@b110000 | |
| 105 | @ay e 000yy | |
| 200 | 10 | @a中小学生作文描写实用词典@Azhong xiao xue sheng zuo wen miao xie shi yong ci dian@f孙海浪编@FSun Hai Lang Bian |
| 210 | @a北京@c作家出版社@d1986 | |
| 215 | @a314页@d19cm | |
| 606 | 0 | @a汉语@x语言读物,中学生@x现代 |
| 690 | @aH194.5@v3 | |
| 701 | 0 | @a孙海浪@4编 |
| 801 | 2 | @aCN@bNLC@c20061102 |
| 905 | @a10447@dH194.5@e111 | |
| 中小学生作文描写实用词典/孙海浪编.-北京:作家出版社,1986 |
| 314页;19cm |
| ISBN :CNY2.20 |
| ● |
| 相关链接 |
|
|
|
|
正题名:中小学生作文描写实用词典
索取号:H194.5/111
 
预约/预借
| 序号 | 登录号 | 条形码 | 馆藏地/架位号 | 状态 | 备注 |
| 1 | 0170464 | 001369450 | 第二样本阅览室/ [索取号:H194.5/111] | 在馆 |